zpět

Detail výsledku týmu

U Kapitána, Valtice

Datum a čas kvízu

29.5 Celkem bodů Celkový počet nahraných bodů na tomto kvízu bez doplňovacích otázek.
3. Pořadí na kvízu Konečné umístění týmu na tomto kvízu.

Zaznamenané odpovědi

# Otázka Odpověď Body Výsledky
1. V minulých dnech bylo v médiíc... Pavel Tuleja 0
2. Švýcarský výrobce nožů Victori... nebude obsahovat nožík/čepel 1
3. Jedno z nejnovějších děl umělc... C) ve Veselí nad Moravou 0
4. Objem daňových nedoplatků za l... Česká správa sociálního zabezpečení 1
5. Basketbalová NBA zná svého nej... Nikola Jokić 0
6. Podíváme se do zemí či krajů,... Genovia, Anne Hathaway 0.5
7. Jak se nazývá chudé království... A) Monte Albo 1
8. Toto fiktivní království někol... Wakanda, vibranium 0
9. Přiřaďte tyto postavy z knižní... 1B 2D 3A 4C 1
10. Které drama režiséra Vladimíra... Je třeba zabít Sekala 0